| 000 | 02156cam a2200409 i 4500 | ||
|---|---|---|---|
| 001 | 21918125 | ||
| 003 | EG-ScBUE | ||
| 005 | 20230405101417.0 | ||
| 008 | 210226r20222021enka j b 001 0deng d | ||
| 020 | _a9780500652596 | ||
| 020 | _a0500652597 | ||
| 035 | _a(OCoLC)on1263795845 | ||
| 040 |
_aUKMGB _beng _erda _cUKMGB _dOCLCO _dBDX _dOCLCF _dLMJ _dUAB _dGZD _dCAM _dGO3 _dOQX _dEHH _dZ#6 _dOCL _dOCLCO _dUAP _dYDX _dOCLCO _dFHP _dDLC _dEG-ScBUE |
||
| 082 | 0 | 4 |
_a709.2396 _222 _bJAC |
| 100 | 1 |
_aJackson, Sharna, _eauthor. |
|
| 245 | 1 | 0 |
_aBlack artists shaping the world / _cby Sharna Jackson ; consultant Dr Zoé Whitley. |
| 250 | _aReprinted edition. | ||
| 264 | 1 |
_aLondon : _bThames & Hudson Ltd, _c2022. |
|
| 300 |
_a143 pages : _billustrations (some color) ; _c25 cm |
||
| 336 |
_atext _btxt _2rdacontent |
||
| 336 |
_astill image _bsti _2rdacontent |
||
| 337 |
_aunmediated _bn _2rdamedia |
||
| 338 |
_avolume _bnc _2rdacarrier |
||
| 504 | _aIncludes bibliographical references and index. | ||
| 505 | 0 | _aLarry Achiampong -- El Anatsui -- Sonia Boyce -- María Magdalena Campos-Pons -- Nick Cave -- Joana Choumali -- Lubaina Himid -- Kamala Ibrahim Ishag -- Rosemary Karuga -- Abdoulaye Koneté -- Ibrahim Mahama -- Kerry James Marshall -- Zanele Muholi -- Magdalene A.N. Odundo DBE, Obe -- Harold Offeh -- Chris Ofili -- Emeka Ogboh -- Toyin Ojih Odutola -- Zizipho Poswa -- Faith Ringgold -- Athi-Patra Ruga -- Amy Sherald -- Yinka Shonibare CBE (RA) -- Carrie Mae Weems -- Kehinde Wiley -- Lynette Yiadom-Boakye. | |
| 520 | _aDedicated to the work of contemporary Black artists from around the world, this book is an introduction to artists from Africa and of African descent for young readers. | ||
| 650 | 7 |
_aArtists, Black _vJuvenile literature. _2BUEsh |
|
| 650 | 7 |
_aAfrican American artists _vJuvenile literature. _2BUEsh |
|
| 650 | 7 |
_aArtists, Black. _2BUEsh |
|
| 650 | 7 |
_aAfrican American artists. _2BUEsh |
|
| 653 |
_bART _cApril2023 |
||
| 655 | _vReading book | ||
| 700 | 1 |
_aWhitley, Zoé, _econsultant. |
|
| 906 |
_a7 _bcbc _ccopycat _d2 _encip _f20 _gy-gencatlg |
||
| 942 |
_2ddc _cBB |
||
| 999 |
_c30270 _d30241 |
||